00847nam a2200169Ia 4500008004100000082001600041100001800057245002700075260003100102300000800133650001800141942001200159999001500171952015600186952015600342952017900498191201s2017 xx 000 0 und d a615.103 ALD aMOHAMMED, Ali 0aDictionary of Pharmacy bTara Pub.aNew Delhic2017 a464 aMiscellaneous 2ddccBK c8260d8260 00102ddc40708DPaPIETbPIETcR02d2019-03-25eKirti Prakashang250.00kIN 3105l0o615.103 ALDpDP251r2019-12-04 00:00:00v167.50w2019-03-12yREF 00102ddc40708DPaPIETbPIETcR02d2019-03-25eKirti Prakashang250.00kIN 3105l0o615.103 ALDpDP252r2019-12-04 00:00:00v167.50w2019-03-12yREF 00102ddc40708DPaPIETbPIETcR02d2019-03-25eKirti Prakashang250.00kIN 3105l1o615.103 ALDpDP253q2021-10-22r2021-10-08 00:00:00s2021-10-08v167.50w2019-03-12yBK